000 00424 a2200109 4500
001 ART_17499
005 20260410161918.0
008 260409a
245 1 0 _aConfiabilidad sobre información contable social y ambiental
100 1 _aRodríguez de Ramírez, María del Carmen
773 0 _tDocumentos de trabajo de contabilidad, auditoría y responsabilidad social
_g- Año 1, Nº 1 (jun. 2011)
_wREV14385
999 _c27454
_d27454